000 00393nam a2200145Ia 4500
008 231129s2008||||xx |||||||||||||| ||spa||
020 _a978-958-44-2843-1
040 _bspa
082 _aCo863.6 M516g
100 _aMejí­a Duque Jaime
245 0 _aEl giro del zodiaco
260 _c2008
264 _aCaza de Libros : Pijao Editores
942 _2ddc
_cBKS
999 _c11149
_d11149